Cultural heritage of Pakistan. (Record no. 83364)

MARC details
000 -LEADER
fixed length control field 00658cam a22002051a 4500
001 - CONTROL NUMBER
control field sa 68010195
003 - CONTROL NUMBER IDENTIFIER
control field DLC
005 - DATE AND TIME OF LATEST TRANSACTION
control field 20260227112551.0
008 - FIXED-LENGTH DATA ELEMENTS--GENERAL INFORMATION
fixed length control field 800310s1966 pk af f000 0 eng
010 ## - LIBRARY OF CONGRESS CONTROL NUMBER
LC control number sa 68010195
035 ## - SYSTEM CONTROL NUMBER
System control number (OCoLC)6065356
040 ## - CATALOGING SOURCE
Original cataloging agency DLC
Transcribing agency NOsU
Modifying agency TxU
-- DLC
042 ## - AUTHENTICATION CODE
Authentication code premarc
050 00 - LIBRARY OF CONGRESS CALL NUMBER
Classification number DS378
Item number .A53 1966
110 1# - MAIN ENTRY--CORPORATE NAME
Corporate name or jurisdiction name as entry element Pakistan.
Subordinate unit Department of Archaeology & Museums.
245 10 - TITLE STATEMENT
Title Cultural heritage of Pakistan.
260 ## - PUBLICATION, DISTRIBUTION, ETC.
Place of publication, distribution, etc. Karachi :
Name of publisher, distributor, etc. Dept. of Archaeology and Museums, Ministry of Education, Government of Pakistan,
Date of publication, distribution, etc. 1966.
300 ## - PHYSICAL DESCRIPTION
Extent 84 p., lxxviii p. of plates :
Other physical details ill. ;
Dimensions 25 cm.
651 #0 - SUBJECT ADDED ENTRY--GEOGRAPHIC NAME
Geographic name Pakistan
General subdivision Antiquities.

No items available.

Powered by Koha